[Event "DVM U12 2022"]
[Site "München GER"]
[Date "2022.12.30"]
[Round "7"]
[White "Ramming, Moritz"]
[Black "Mandalka, Justus"]
[Result "1/2-1/2"]
[Termination "normal"]
[Board "4.1"]
[WhiteElo "1634"]
[BlackElo "1484"]
[WhiteClock "01:02:25"]
[BlackClock "00:37:12"]
[WhiteTeam "SK Kelheim 1920"]
[BlackTeam "SK Bad Homburg 1927"]
[PlyCount "78"]
[WhiteFideId "34618198"]
[BlackFideId "16298144"]
[EventCountry "GER"]
[EventRounds "7"]
[EventType "team-swiss"]
[EventDate "2022.12.26"]

1. e4 {[%clk 01:30:55]} {[%emt 00:00:04]} c5 {[%clk 01:30:57]} {[%emt
00:00:03]} 2. Nf3 {[%clk 01:31:19]} {[%emt 00:00:07]} Nc6 {[%clk 01:31:23]}
{[%emt 00:00:04]} 3. d4 {[%clk 01:31:42]} {[%emt 00:00:06]} cxd4 {[%clk
01:31:49]} {[%emt 00:00:04]} 4. Nxd4 {[%clk 01:32:07]} {[%emt 00:00:05]} g6
{[%clk 01:32:15]} {[%emt 00:00:05]} 5. c4 {[%clk 01:32:32]} {[%emt 00:00:05]}
Bg7 {[%clk 01:32:42]} {[%emt 00:00:04]} 6. Be3 {[%clk 01:32:54]} {[%emt
00:00:07]} Nf6 {[%clk 01:33:06]} {[%emt 00:00:07]} 7. Nc3 {[%clk 01:33:14]}
{[%emt 00:00:09]} d6 {[%clk 01:33:31]} {[%emt 00:00:05]} 8. Be2 {[%clk
01:33:33]} {[%emt 00:00:11]} O-O {[%clk 01:33:57]} {[%emt 00:00:05]} 9. f3
{[%clk 01:33:06]} {[%emt 00:00:56]} Bd7 {[%clk 01:32:08]} {[%emt 00:02:19]} 10.
Qd2 {[%clk 01:31:01]} {[%emt 00:02:35]} Nxd4 {[%clk 01:31:34]} {[%emt
00:01:04]} 11. Bxd4 {[%clk 01:31:17]} {[%emt 00:00:15]} a5 {[%clk 01:30:57]}
{[%emt 00:01:06]} 12. O-O {[%clk 01:31:00]} {[%emt 00:00:46]} Bc6 {[%clk
01:31:05]} {[%emt 00:00:22]} 13. Bf2 {[%clk 01:29:33]} {[%emt 00:01:57]} Nd7
{[%clk 01:31:10]} {[%emt 00:00:26]} 14. Rfd1 {[%clk 01:28:14]} {[%emt
00:01:48]} Nc5 {[%clk 01:30:49]} {[%emt 00:00:51]} 15. Rab1 {[%clk 01:24:52]}
{[%emt 00:03:52]} b6 {[%clk 01:24:54]} {[%emt 00:06:26]} 16. Bf1 {[%clk
01:22:53]} {[%emt 00:02:29]} Be5 {[%clk 01:20:45]} {[%emt 00:04:40]} 17. Ne2
{[%clk 01:20:59]} {[%emt 00:02:23]} e6 {[%clk 01:12:32]} {[%emt 00:08:43]} 18.
Nd4 {[%clk 01:19:03]} {[%emt 00:02:25]} Bb7 {[%clk 01:12:10]} {[%emt 00:00:52]}
19. Nb5 {[%clk 01:18:29]} {[%emt 00:01:04]} Qe7 {[%clk 01:11:59]} {[%emt
00:00:42]} 20. b3 {[%clk 01:17:13]} {[%emt 00:01:46]} Rad8 {[%clk 01:11:55]}
{[%emt 00:00:34]} 21. b4 {[%clk 01:12:43]} {[%emt 00:04:59]} axb4 {[%clk
01:11:36]} {[%emt 00:00:49]} 22. Qxb4 {[%clk 01:12:34]} {[%emt 00:00:39]} f5
{[%clk 01:10:54]} {[%emt 00:01:13]} 23. exf5 {[%clk 01:12:04]} {[%emt
00:00:59]} Rxf5 {[%clk 01:10:47]} {[%emt 00:00:38]} 24. Bd4 {[%clk 01:10:56]}
{[%emt 00:01:37]} Rdf8 {[%clk 01:08:39]} {[%emt 00:02:38]} 25. Bxe5 {[%clk
01:10:29]} {[%emt 00:00:58]} dxe5 {[%clk 01:08:54]} {[%emt 00:00:15]} 26. Nd6
{[%clk 01:10:36]} {[%emt 00:00:22]} Qg5 {[%clk 00:49:42]} {[%emt 00:19:43]} 27.
Nxf5 {[%clk 01:10:01]} {[%emt 00:01:05]} Rxf5 {[%clk 00:50:01]} {[%emt
00:00:11]} 28. Qxb6 {[%clk 01:10:08]} {[%emt 00:00:23]} Qe3 {[%clk 00:50:13]}
{[%emt 00:00:17]} 29. Kh1 {[%clk 01:10:11]} {[%emt 00:00:27]} Rxf3 {[%clk
00:42:00]} {[%emt 00:08:44]} 30. Qd8 {[%clk 01:09:43]} {[%emt 00:00:57]} Rf8
{[%clk 00:42:15]} {[%emt 00:00:16]} 31. Qe7 {[%clk 01:07:59]} {[%emt 00:02:14]}
Rf7 {[%clk 00:41:03]} {[%emt 00:01:42]} 32. Rd8 {[%clk 01:06:19]} {[%emt
00:02:32]} Kg7 {[%clk 00:41:28]} 33. Qd6 {[%clk 01:03:25]} {[%emt 00:03:06]}
Ne4 {[%clk 00:38:02]} {[%emt 00:03:57]} 34. Qxe5 {[%clk 01:03:12]} {[%emt
00:00:42]} Kh6 {[%clk 00:38:23]} {[%emt 00:00:10]} 35. Qd4 {[%emt 00:02:22]}
Nf2 {[%clk 00:38:45]} {[%emt 00:00:04]} 36. Kg1 {[%clk 01:01:38]} {[%emt
00:00:16]} Nh3 {[%clk 00:35:50]} {[%emt 00:03:25]} 37. Kh1 {[%clk 01:01:55]}
{[%emt 00:00:13]} Nf2 {[%clk 00:36:18]} {[%emt 00:00:03]} 38. Kg1 {[%clk
01:02:05]} {[%emt 00:00:19]} Nh3 {[%clk 00:36:45]} {[%emt 00:00:03]} 39. Kh1
{[%clk 01:02:25]} {[%emt 00:00:10]} Nf2 {[%clk 00:37:12]} {[%emt 00:00:03]}
1/2-1/2

[Event "DVM U12 2022"]
[Site "München GER"]
[Date "2022.12.30"]
[Round "7"]
[White "Glavev, Danail"]
[Black "Neumeier, Valentina"]
[Result "0-1"]
[Termination "normal"]
[Board "4.2"]
[WhiteElo "1435"]
[BlackElo "1464"]
[WhiteClock "00:17:16"]
[BlackClock "00:37:55"]
[WhiteTeam "SK Bad Homburg 1927"]
[BlackTeam "SK Kelheim 1920"]
[PlyCount "54"]
[WhiteFideId "34610995"]
[BlackFideId "34608222"]
[EventCountry "GER"]
[EventRounds "7"]
[EventType "team-swiss"]
[EventDate "2022.12.26"]

1. e4 {[%clk 01:30:57]} {[%emt 00:00:03]} e5 {[%clk 01:30:55]} {[%emt
00:00:05]} 2. Nf3 {[%clk 01:31:20]} {[%emt 00:00:06]} Nc6 {[%clk 01:31:20]}
{[%emt 00:00:05]} 3. Bc4 {[%emt 00:00:10]} Bc5 {[%clk 01:31:46]} {[%emt
00:00:03]} 4. Nc3 {[%clk 01:32:02]} {[%emt 00:00:10]} Nf6 {[%clk 01:32:08]}
{[%emt 00:00:08]} 5. d3 {[%clk 01:32:24]} {[%emt 00:00:07]} d6 {[%clk
01:32:19]} {[%emt 00:00:20]} 6. h3 {[%clk 01:32:35]} {[%emt 00:00:19]} h6
{[%clk 01:32:40]} {[%emt 00:00:09]} 7. Be3 {[%clk 01:31:54]} {[%emt 00:01:10]}
Bb6 {[%clk 01:32:55]} {[%emt 00:00:15]} 8. Na4 {[%clk 01:31:04]} {[%emt
00:01:18]} Be6 {[%clk 01:32:37]} {[%emt 00:00:49]} 9. Nxb6 {[%clk 01:15:18]}
{[%emt 00:16:17]} axb6 {[%clk 01:32:03]} {[%emt 00:01:05]} 10. Bb3 {[%clk
01:15:12]} {[%emt 00:00:35]} O-O {[%clk 01:30:48]} {[%emt 00:01:45]} 11. O-O
{[%clk 01:15:39]} {[%emt 00:00:03]} Qd7 {[%clk 01:28:22]} {[%emt 00:02:56]} 12.
Kh2 {[%clk 01:15:38]} {[%emt 00:00:30]} d5 {[%clk 01:27:16]} {[%emt 00:01:38]}
13. exd5 {[%clk 01:11:58]} {[%emt 00:04:10]} Bxd5 {[%clk 01:24:59]} {[%emt
00:02:46]} 14. Bxd5 {[%clk 01:08:55]} {[%emt 00:03:33]} Nxd5 {[%clk 01:23:29]}
{[%emt 00:02:00]} 15. Re1 {[%clk 01:06:04]} {[%emt 00:03:20]} f5 {[%clk
01:17:55]} {[%emt 00:06:04]} 16. Bd2 {[%clk 01:04:35]} {[%emt 00:02:00]} Rae8
{[%clk 01:15:21]} {[%emt 00:03:02]} 17. c4 {[%clk 00:49:09]} {[%emt 00:15:57]}
Nf6 {[%clk 01:10:43]} {[%emt 00:05:08]} 18. Bc3 {[%clk 00:42:31]} {[%emt
00:07:07]} e4 {[%clk 01:03:26]} {[%emt 00:07:47]} 19. dxe4 {[%clk 00:42:19]}
{[%emt 00:00:42]} fxe4 {[%emt 00:11:47]} 20. Nd4 {[%clk 00:35:04]} {[%emt
00:04:25]} Ne5 {[%clk 00:50:02]} {[%emt 00:05:57]} 21. Qb3 {[%clk 00:25:09]}
{[%emt 00:10:24]} Kh8 {[%clk 00:46:42]} {[%emt 00:03:36]} 22. Rad1 {[%clk
00:19:46]} {[%emt 00:06:08]} Nd3 {[%clk 00:41:58]} {[%emt 00:05:14]} 23. Re2
{[%clk 00:19:56]} {[%emt 00:00:18]} Nh5 {[%clk 00:41:25]} {[%emt 00:01:05]} 24.
f3 {[%clk 00:19:16]} {[%emt 00:01:10]} Qd6 {[%clk 00:41:20]} {[%emt 00:00:35]}
25. Kg1 {[%clk 00:19:04]} {[%emt 00:00:42]} exf3 {[%clk 00:37:14]} {[%emt
00:04:37]} 26. Rxe8 {[%clk 00:19:07]} {[%emt 00:00:27]} f2 {[%clk 00:37:36]}
{[%emt 00:00:08]} 27. Kf1 {[%clk 00:17:16]} {[%emt 00:02:20]} Ng3# {[%clk
00:37:55]} {[%emt 00:00:11]} 0-1

[Event "DVM U12 2022"]
[Site "München GER"]
[Date "2022.12.30"]
[Round "7"]
[White "Neumeier, Konstantin"]
[Black "Pflugbeil, Julian"]
[Result "0-1"]
[Termination "normal"]
[Board "4.3"]
[WhiteElo "1443"]
[BlackElo "1214"]
[WhiteClock "00:41:49"]
[BlackClock "01:27:19"]
[WhiteTeam "SK Kelheim 1920"]
[BlackTeam "SK Bad Homburg 1927"]
[PlyCount "104"]
[WhiteFideId "34608230"]
[BlackFideId "34608850"]
[EventCountry "GER"]
[EventRounds "7"]
[EventType "team-swiss"]
[EventDate "2022.12.26"]

1. e4 {[%clk 01:30:58]} {[%emt 00:00:01]} d6 {[%clk 01:30:55]} {[%emt
00:00:06]} 2. d4 {[%clk 01:31:24]} {[%emt 00:00:04]} Nf6 {[%clk 01:31:21]}
{[%emt 00:00:03]} 3. Nc3 {[%clk 01:31:31]} {[%emt 00:00:23]} g6 {[%clk
01:31:44]} {[%emt 00:00:07]} 4. Nf3 {[%clk 01:31:25]} {[%emt 00:00:36]} Bg7
{[%clk 01:32:10]} {[%emt 00:00:05]} 5. Bc4 {[%clk 01:31:46]} {[%emt 00:00:09]}
O-O {[%clk 01:32:35]} {[%emt 00:00:05]} 6. O-O {[%clk 01:32:08]} {[%emt
00:00:07]} Bg4 {[%clk 01:32:02]} {[%emt 00:01:03]} 7. h3 {[%clk 01:31:45]}
{[%emt 00:00:53]} Bxf3 {[%clk 01:32:12]} {[%emt 00:00:21]} 8. Qxf3 {[%clk
01:32:08]} {[%emt 00:00:07]} Nc6 {[%clk 01:32:28]} {[%emt 00:00:14]} 9. Be3
{[%clk 01:31:31]} {[%emt 00:01:05]} Nd7 {[%emt 00:00:57]} 10. Rad1 {[%emt
00:00:26]} e5 {[%clk 01:30:27]} {[%emt 00:01:10]} 11. d5 {[%clk 01:31:24]}
{[%emt 00:00:37]} Ne7 {[%clk 01:29:59]} {[%emt 00:00:57]} 12. Qg3 {[%clk
01:30:05]} {[%emt 00:01:50]} f5 {[%clk 01:29:45]} {[%emt 00:00:44]} 13. Bg5
{[%clk 01:27:47]} {[%emt 00:02:48]} f4 {[%clk 01:26:52]} {[%emt 00:03:23]} 14.
Qd3 {[%clk 01:26:48]} {[%emt 00:01:28]} Nc5 {[%clk 01:27:01]} {[%emt 00:00:21]}
15. Qe2 {[%clk 01:26:31]} {[%emt 00:00:47]} Qd7 {[%clk 01:26:48]} {[%emt
00:00:44]} 16. f3 {[%clk 01:25:46]} {[%emt 00:01:14]} h6 {[%clk 01:26:30]}
{[%emt 00:00:49]} 17. Bxe7 {[%clk 01:24:07]} {[%emt 00:02:09]} Qxe7 {[%clk
01:26:15]} {[%emt 00:00:44]} 18. b4 {[%clk 01:22:01]} {[%emt 00:02:36]} Nd7
{[%clk 01:26:02]} {[%emt 00:00:43]} 19. Qd3 {[%clk 01:13:17]} {[%emt 00:09:13]}
g5 {[%clk 01:24:27]} {[%emt 00:02:06]} 20. Bb3 {[%clk 01:10:29]} {[%emt
00:03:19]} h5 {[%clk 01:23:44]} {[%emt 00:01:13]} 21. Ne2 {[%clk 01:07:47]}
{[%emt 00:03:11]} Rf6 {[%clk 01:23:47]} {[%emt 00:00:26]} 22. c4 {[%clk
01:07:45]} {[%emt 00:00:33]} a5 {[%clk 01:23:55]} {[%emt 00:00:22]} 23. c5
{[%clk 01:04:22]} {[%emt 00:03:53]} Kh8 {[%clk 01:23:18]} {[%emt 00:01:07]} 24.
c6 {[%clk 01:02:24]} {[%emt 00:02:28]} bxc6 {[%clk 01:23:05]} {[%emt 00:00:44]}
25. dxc6 {[%clk 01:02:39]} {[%emt 00:00:14]} Nb6 {[%clk 01:23:32]} {[%emt
00:00:02]} 26. b5 {[%clk 01:01:35]} {[%emt 00:01:34]} Raf8 {[%clk 01:23:41]}
{[%emt 00:00:22]} 27. Qc3 {[%clk 00:57:27]} {[%emt 00:04:38]} Rh6 {[%emt
00:00:43]} 28. g3 {[%clk 00:53:48]} {[%emt 00:04:08]} g4 {[%clk 01:23:31]}
{[%emt 00:00:27]} 29. fxg4 {[%clk 00:52:46]} {[%emt 00:01:33]} hxg4 {[%clk
01:23:36]} {[%emt 00:00:25]} 30. gxf4 {[%clk 00:50:51]} {[%emt 00:02:25]} exf4
{[%clk 01:23:41]} {[%emt 00:00:25]} 31. Qd3 {[%clk 00:50:07]} {[%emt 00:01:14]}
Rxh3 {[%clk 01:23:18]} {[%emt 00:00:53]} 32. Nxf4 {[%clk 00:49:44]} {[%emt
00:00:53]} Rxf4 {[%clk 01:23:34]} {[%emt 00:00:14]} 33. Rxf4 {[%clk 00:46:37]}
{[%emt 00:03:37]} Rxd3 {[%clk 01:23:51]} {[%emt 00:00:13]} 34. Rxd3 {[%clk
00:46:59]} {[%emt 00:00:07]} a4 {[%clk 01:23:02]} {[%emt 00:01:20]} 35. Bf7
{[%clk 00:45:07]} {[%emt 00:02:21]} Qh4 {[%clk 01:22:35]} {[%emt 00:00:40]} 36.
Rf2 {[%clk 00:43:44]} {[%emt 00:02:11]} Be5 {[%clk 01:22:06]} {[%emt 00:00:59]}
37. Rdd2 {[%clk 00:40:54]} {[%emt 00:03:20]} g3 {[%clk 01:21:52]} {[%emt
00:00:43]} 38. Rf5 {[%clk 00:40:26]} {[%emt 00:00:59]} Bd4 {[%clk 01:21:58]}
{[%emt 00:00:24]} 39. Kf1 {[%clk 00:39:31]} {[%emt 00:01:25]} Qh1 {[%clk
01:22:23]} {[%emt 00:00:05]} 40. Ke2 {[%clk 00:39:50]} {[%emt 00:00:11]} Qxe4
{[%clk 01:22:33]} {[%emt 00:00:20]} 41. Kd1 {[%clk 00:39:50]} {[%emt 00:00:29]}
Qxf5 {[%clk 01:22:51]} {[%emt 00:00:12]} 42. Rxd4 {[%clk 00:39:35]} {[%emt
00:00:45]} g2 {[%clk 01:23:15]} {[%emt 00:00:06]} 43. Rh4 {[%clk 00:39:39]}
{[%emt 00:00:26]} Qh7 {[%clk 01:23:41]} {[%emt 00:00:04]} 44. Rxh7 {[%clk
00:39:34]} {[%emt 00:00:35]} Kxh7 {[%clk 01:24:07]} {[%emt 00:00:05]} 45. Ke2
{[%clk 00:39:34]} {[%emt 00:00:29]} g1=Q {[%clk 01:24:29]} {[%emt 00:00:07]}
46. Bg8 {[%clk 00:39:48]} {[%emt 00:00:18]} Kxg8 {[%clk 01:24:53]} {[%emt
00:00:06]} 47. Kd3 {[%clk 00:40:12]} {[%emt 00:00:06]} Qg4 {[%clk 01:25:14]}
{[%emt 00:00:08]} 48. a3 {[%clk 00:40:31]} {[%emt 00:00:12]} Kf7 {[%clk
01:25:39]} {[%emt 00:00:04]} 49. Kc3 {[%clk 00:40:45]} {[%emt 00:00:17]} d5
{[%clk 01:26:02]} {[%emt 00:00:07]} 50. Kd2 {[%clk 00:41:03]} {[%emt 00:00:12]}
Qf3 {[%clk 01:26:29]} {[%emt 00:00:03]} 51. Kc1 {[%clk 00:41:30]} {[%emt
00:00:03]} Qe2 {[%clk 01:26:51]} {[%emt 00:00:08]} 52. Kb1 {[%clk 00:41:49]}
{[%emt 00:00:10]} Nc4 {[%clk 01:27:19]} {[%emt 00:00:02]} 0-1

[Event "DVM U12 2022"]
[Site "München GER"]
[Date "2022.12.30"]
[Round "7"]
[White "Li, Xiao Teng"]
[Black "Sitnik, Arthur"]
[Result "1-0"]
[Termination "normal"]
[Board "4.4"]
[WhiteElo "1293"]
[BlackElo "1253"]
[WhiteClock "01:21:30"]
[BlackClock "01:05:59"]
[WhiteTeam "SK Bad Homburg 1927"]
[BlackTeam "SK Kelheim 1920"]
[PlyCount "67"]
[WhiteFideId "34611053"]
[BlackFideId "34608150"]
[EventCountry "GER"]
[EventRounds "7"]
[EventType "team-swiss"]
[EventDate "2022.12.26"]

1. e4 {[%clk 01:30:59]} {[%emt 00:00:01]} e5 {[%clk 01:30:54]} {[%emt
00:00:07]} 2. Nf3 {[%clk 01:31:25]} {[%emt 00:00:04]} Nc6 {[%clk 01:31:20]}
{[%emt 00:00:04]} 3. d4 {[%clk 01:31:49]} {[%emt 00:00:06]} exd4 {[%clk
01:31:46]} {[%emt 00:00:04]} 4. Bc4 {[%clk 01:32:15]} {[%emt 00:00:04]} Nf6
{[%clk 01:32:12]} {[%emt 00:00:04]} 5. e5 {[%clk 01:32:40]} {[%emt 00:00:05]}
d5 {[%clk 01:32:36]} {[%emt 00:00:05]} 6. Bb5 {[%clk 01:32:56]} {[%emt
00:00:14]} Ne4 {[%clk 01:32:54]} {[%emt 00:00:13]} 7. Nxd4 {[%clk 01:33:16]}
{[%emt 00:00:10]} Bd7 {[%clk 01:33:14]} {[%emt 00:00:10]} 8. Nxc6 {[%clk
01:33:34]} {[%emt 00:00:11]} bxc6 {[%clk 01:33:36]} {[%emt 00:00:09]} 9. Bd3
{[%clk 01:33:47]} {[%emt 00:00:17]} Qh4 {[%clk 01:33:33]} {[%emt 00:00:33]} 10.
O-O {[%clk 01:32:40]} {[%emt 00:01:36]} Bc5 {[%clk 01:28:21]} {[%emt 00:05:43]}
11. Bxe4 {[%clk 01:31:33]} {[%emt 00:01:36]} Qxe4 {[%clk 01:27:58]} {[%emt
00:00:53]} 12. Nc3 {[%clk 01:31:47]} {[%emt 00:00:17]} Qg6 {[%clk 01:27:55]}
{[%emt 00:00:32]} 13. Na4 {[%clk 01:30:48]} {[%emt 00:01:29]} Bb6 {[%clk
01:26:28]} {[%emt 00:01:57]} 14. Be3 {[%clk 01:30:12]} {[%emt 00:01:06]} Bxe3
{[%clk 01:26:03]} {[%emt 00:00:55]} 15. fxe3 {[%clk 01:30:34]} {[%emt
00:00:08]} O-O {[%clk 01:25:43]} {[%emt 00:00:50]} 16. c3 {[%clk 01:29:55]}
{[%emt 00:01:09]} Qe4 {[%clk 01:24:44]} {[%emt 00:01:29]} 17. Qd4 {[%clk
01:30:04]} {[%emt 00:00:21]} Qxd4 {[%clk 01:16:57]} {[%emt 00:08:17]} 18. exd4
{[%clk 01:30:23]} {[%emt 00:00:12]} a5 {[%clk 01:14:54]} {[%emt 00:02:33]} 19.
Nc5 {[%clk 01:29:41]} {[%emt 00:01:11]} Be6 {[%clk 01:15:05]} {[%emt 00:00:19]}
20. h3 {[%clk 01:28:55]} {[%emt 00:01:16]} g6 {[%clk 01:14:53]} {[%emt
00:00:42]} 21. Rf6 {[%clk 01:29:01]} {[%emt 00:00:24]} Rfe8 {[%clk 01:13:09]}
{[%emt 00:02:14]} 22. Raf1 {[%clk 01:27:37]} {[%emt 00:01:54]} Re7 {[%clk
01:12:23]} {[%emt 00:01:16]} 23. b3 {[%clk 01:26:08]} {[%emt 00:02:00]} Ra7
{[%clk 01:10:05]} {[%emt 00:02:48]} 24. Nxe6 {[%clk 01:19:34]} {[%emt
00:07:04]} fxe6 {[%clk 01:10:17]} {[%emt 00:00:18]} 25. Rf8 {[%clk 01:19:50]}
{[%emt 00:00:14]} Kg7 {[%clk 01:10:35]} {[%emt 00:00:12]} 26. g4 {[%clk
01:19:30]} {[%emt 00:00:50]} Ra6 {[%clk 01:09:16]} {[%emt 00:01:49]} 27. Rb8
{[%clk 01:19:29]} {[%emt 00:00:30]} Ra7 {[%clk 01:08:41]} {[%emt 00:01:05]} 28.
Rff8 {[%clk 01:19:31]} {[%emt 00:00:28]} Kh6 {[%clk 01:06:39]} {[%emt
00:02:32]} 29. h4 {[%clk 01:19:48]} {[%emt 00:00:14]} Kg7 {[%clk 01:06:00]}
{[%emt 00:01:08]} 30. g5 {[%clk 01:20:09]} {[%emt 00:00:09]} h6 {[%clk
01:05:53]} {[%emt 00:00:37]} 31. Rg8 {[%clk 01:20:24]} {[%emt 00:00:15]} Kh7
{[%clk 01:05:20]} {[%emt 00:01:03]} 32. Rh8 {[%clk 01:20:49]} {[%emt 00:00:06]}
Kg7 {[%clk 01:05:45]} {[%emt 00:00:05]} 33. gxh6 {[%clk 01:21:05]} {[%emt
00:00:14]} Kf7 {[%clk 01:05:59]} {[%emt 00:00:15]} 34. Rbf8# {[%clk 01:21:30]}
{[%emt 00:00:05]} 1-0

[Event "DVM U12 2022"]
[Site "München GER"]
[Date "2022.12.30"]
[Round "7"]
[White "Riechenberg, Sebastian"]
[Black "Uyar, Levin"]
[Result "1-0"]
[Termination "normal"]
[Board "5.1"]
[WhiteElo "1771"]
[BlackElo "1573"]
[WhiteClock "00:34:03"]
[BlackClock "00:01:06"]
[WhiteTeam "SV Erkenschwick 1923"]
[BlackTeam "SC Untergrombach 46"]
[PlyCount "96"]
[WhiteFideId "34605231"]
[BlackFideId "16282108"]
[EventCountry "GER"]
[EventRounds "7"]
[EventType "team-swiss"]
[EventDate "2022.12.26"]

1. e4 {[%clk 01:30:37]} {[%emt 00:00:22]} e5 {[%clk 01:30:55]} {[%emt
00:00:06]} 2. Nf3 {[%clk 01:30:29]} {[%emt 00:00:38]} Nc6 {[%clk 01:31:15]}
{[%emt 00:00:10]} 3. Bb5 {[%clk 01:29:38]} {[%emt 00:01:21]} a6 {[%clk
01:31:29]} {[%emt 00:00:15]} 4. Ba4 {[%clk 01:29:56]} {[%emt 00:00:14]} Nf6
{[%clk 01:31:51]} {[%emt 00:00:07]} 5. O-O {[%clk 01:30:10]} {[%emt 00:00:16]}
Nxe4 {[%clk 01:32:11]} {[%emt 00:00:10]} 6. d4 {[%clk 01:30:29]} {[%emt
00:00:11]} b5 {[%clk 01:32:34]} {[%emt 00:00:07]} 7. Bb3 {[%clk 01:30:34]}
{[%emt 00:00:25]} d5 {[%clk 01:32:43]} {[%emt 00:00:21]} 8. a4 {[%clk
01:30:34]} {[%emt 00:00:30]} b4 {[%clk 01:15:32]} {[%emt 00:17:41]} 9. dxe5
{[%clk 01:27:51]} {[%emt 00:03:14]} Be6 {[%clk 01:15:23]} {[%emt 00:00:38]} 10.
c3 {[%clk 01:26:11]} {[%emt 00:02:10]} Rb8 {[%clk 00:40:30]} {[%emt 00:35:22]}
11. Bc2 {[%clk 01:21:45]} {[%emt 00:04:57]} Nc5 {[%clk 00:38:01]} {[%emt
00:02:59]} 12. Nd4 {[%clk 01:17:11]} {[%emt 00:05:05]} Nxe5 {[%clk 00:15:32]}
{[%emt 00:22:58]} 13. cxb4 {[%emt 00:05:14]} Rxb4 {[%clk 00:13:14]} {[%emt
00:00:31]} 14. f4 {[%clk 01:14:18]} {[%emt 00:00:56]} Qh4 {[%clk 00:12:23]}
{[%emt 00:01:21]} 15. Nxe6 {[%clk 01:11:02]} {[%emt 00:03:47]} Nxe6 {[%clk
00:05:52]} {[%emt 00:07:00]} 16. fxe5 {[%clk 01:09:22]} {[%emt 00:02:10]} Bc5
{[%clk 00:06:09]} {[%emt 00:00:13]} 17. Kh1 {[%clk 01:09:11]} {[%emt 00:00:42]}
Bd4 {[%clk 00:02:06]} {[%emt 00:04:32]} 18. Qe1 {[%clk 01:05:59]} {[%emt
00:03:43]} Qxe1 {[%clk 00:01:10]} {[%emt 00:01:26]} 19. Rxe1 {[%clk 01:06:17]}
{[%emt 00:00:11]} Bxb2 {[%clk 00:01:30]} {[%emt 00:00:10]} 20. Bxb2 {[%clk
01:06:00]} {[%emt 00:00:48]} Rxb2 {[%clk 00:01:57]} {[%emt 00:00:03]} 21. Bd3
{[%clk 01:05:20]} {[%emt 00:01:09]} Nc5 {[%clk 00:01:42]} {[%emt 00:00:44]} 22.
Bf1 {[%clk 01:05:16]} {[%emt 00:00:35]} O-O {[%clk 00:00:56]} {[%emt 00:01:16]}
23. Nc3 {[%clk 01:04:17]} {[%emt 00:01:29]} c6 {[%clk 00:01:03]} {[%emt
00:00:23]} 24. Rac1 {[%clk 00:55:17]} {[%emt 00:09:30]} Nb3 {[%clk 00:00:55]}
{[%emt 00:00:38]} 25. Rb1 {[%clk 00:54:09]} {[%emt 00:01:38]} Rxb1 {[%clk
00:01:22]} {[%emt 00:00:04]} 26. Rxb1 {[%clk 00:54:20]} {[%emt 00:00:19]} Nd2
{[%clk 00:01:39]} {[%emt 00:00:12]} 27. Rd1 {[%clk 00:53:29]} {[%emt 00:01:22]}
Nxf1 {[%clk 00:02:01]} {[%emt 00:00:08]} 28. Rxf1 {[%clk 00:53:41]} {[%emt
00:00:17]} Re8 {[%clk 00:01:36]} {[%emt 00:00:54]} 29. Rb1 {[%clk 00:44:58]}
{[%emt 00:09:14]} h6 {[%clk 00:01:38]} {[%emt 00:00:28]} 30. Kg1 {[%clk
00:44:26]} {[%emt 00:01:03]} Rxe5 {[%clk 00:01:32]} {[%emt 00:00:35]} 31. Kf2
{[%clk 00:43:52]} {[%emt 00:01:05]} a5 {[%clk 00:01:23]} {[%emt 00:00:38]} 32.
Re1 {[%clk 00:38:57]} {[%emt 00:05:25]} f6 {[%clk 00:01:05]} {[%emt 00:00:48]}
33. Nb1 {[%clk 00:34:20]} {[%emt 00:05:07]} c5 {[%clk 00:00:59]} {[%emt
00:00:36]} 34. Nd2 {[%clk 00:33:59]} {[%emt 00:00:52]} c4 {[%clk 00:00:39]}
{[%emt 00:00:50]} 35. Rxe5 {[%clk 00:33:41]} {[%emt 00:00:47]} fxe5 {[%clk
00:00:58]} {[%emt 00:00:11]} 36. Nf3 {[%clk 00:33:40]} {[%emt 00:00:30]} Kf7
{[%clk 00:00:38]} {[%emt 00:00:51]} 37. Nxe5 {[%clk 00:33:51]} {[%emt
00:00:20]} Ke6 {[%clk 00:01:02]} {[%emt 00:00:03]} 38. Nc6 {[%clk 00:33:46]}
{[%emt 00:00:37]} Kd6 {[%clk 00:01:02]} {[%emt 00:00:30]} 39. Nxa5 {[%clk
00:32:40]} {[%emt 00:01:37]} Kc7 {[%clk 00:01:15]} {[%emt 00:00:16]} 40. Ke3
{[%clk 00:32:38]} {[%emt 00:00:32]} Kb6 {[%clk 00:01:39]} {[%emt 00:00:06]} 41.
Nxc4 {[%clk 00:33:00]} {[%emt 00:00:08]} dxc4 {[%clk 00:01:24]} {[%emt
00:00:45]} 42. Kd4 {[%clk 00:33:24]} {[%emt 00:00:06]} Ka5 {[%clk 00:00:46]}
{[%emt 00:01:08]} 43. Kxc4 {[%clk 00:33:28]} {[%emt 00:00:26]} Kxa4 {[%clk
00:01:11]} {[%emt 00:00:05]} 44. Kd5 {[%clk 00:33:41]} {[%emt 00:00:16]} Kb5
{[%clk 00:01:29]} {[%emt 00:00:13]} 45. Ke6 {[%clk 00:33:32]} {[%emt 00:00:39]}
Kc5 {[%clk 00:00:52]} {[%emt 00:01:06]} 46. Kf7 {[%clk 00:33:44]} {[%emt
00:00:19]} Kd5 {[%clk 00:00:42]} {[%emt 00:00:39]} 47. Kxg7 {[%clk 00:33:49]}
{[%emt 00:00:26]} h5 {[%clk 00:01:06]} {[%emt 00:00:05]} 48. h4 {[%clk
00:34:03]} {[%emt 00:00:16]} Ke4 {[%emt 00:01:01]} 1-0